000 00656nam a2200241Ia 4500
003 GCL
008 140319s9999 xx 000 0 ara d
040 _aGCL /
_cGCL
082 0 4 _a690.24
_bح ت
100 1 _aحسين محمد جمعة
245 1 0 _aالشروخ والترميمات /
_cحسين محمد جمعة
260 _a[S.N] :
_bالمجالس ،
_c1992
300 _a225 ص
490 _a
650 0 4 _aالصيانة
650 0 4 _aالهندسة
650 0 4 _aالهندسة المدنية
650 0 4 _aالمبانى
650 0 4 _aمواد البناء
650 0 4 _aترميم
650 0 4 _aمواصفات
942 _2ddc
_cBK
999 _c30402
_d30402